Cacabox tout les membres - Statistiques

Statistiques générales
  • Ce quiz a été pris 2 230 fois
    1 623 depuis la dernière actualisation
  • Le résultat moyen est 14 sur 39
Statistiques - réponses
Indice Réponse % Correct
Membres Actuels Terracid
96%
Membres Actuels Potatoz
94%
Membres Actuels Grimkujow
87%
Membres Actuels Hugo Délire
85%
Membres Actuels Theorus
82%
Membres Actuels MNKway / Jean
77%
Anciens Membres Maxime Biaggi
74%
Anciens Membres Snaptrox
69%
Membres Actuels Superconeri
53%
Membres Actuels Madroz
46%
Membres Actuels Remeli
44%
Membres Actuels Tibro
44%
Membres Actuels Ecrisio
41%
Membres Actuels Deotoons
37%
Anciens Membres Flygoow
37%
Anciens Membres LéoPaulVevo
35%
Membres Actuels Kerib
26%
Anciens Membres Laupok
25%
Anciens Membres Leffy62z
25%
Membres Actuels Skass
25%
Anciens Membres Redus
24%
Membres Actuels MouetteVolante
23%
Anciens Membres Bezigue
21%
Membres Actuels Dagobert
20%
Membres Actuels Happy
20%
Anciens Membres MrHayzzer
20%
Membres Actuels WeshDiego
15%
Membres Actuels Gabin
14%
Anciens Membres Arkunir
13%
Membres Actuels Locaro
13%
Anciens Membres Quentool
13%
Anciens Membres Adhoc
11%
Anciens Membres KingChris287
11%
Anciens Membres Chap
7%
Anciens Membres Takumi
7%
Anciens Membres Ayako
5%
Anciens Membres MelTamaoe
5%
Anciens Membres Nazlock
5%
Anciens Membres Azelios
3%
Aucun quiz correspondant
Distribution des résultats
% des personnes avec chaque résultat
Percentile par nombre de réponses
Votre historique - résultats
Vous n’avez pas pris ce quiz depuis la dernière actualisation